| 000 | 00786nam a2200241 a 4500 | ||
|---|---|---|---|
| 005 | 20240116063618.0 | ||
| 008 | 030513s2001 mx r 000 0 spa d | ||
| 020 | _a8430604286 | ||
| 035 | _aUPN01000124051 | ||
| 049 | _aCG | ||
| 050 | 4 |
_aZA3225 _bL4.28 |
|
| 100 | 1 | _aLessig, Lawrence | |
| 245 | 1 | 3 |
_aEl código y otras leyes del ciberespacio / _cLawrence Lessig ; tr. de Ernesto Alberola. |
| 260 |
_aMadrid : _bTaurus, _cc2001. |
||
| 300 | _a540 p. | ||
| 440 | 0 | _aTaurus es digital | |
| 534 |
_pTraducción de: _tCode and other laws of cyberspace |
||
| 650 | 4 |
_aSUPERCARRETERA DE LA INFORMACION - _xASPECTOS SOCIALES |
|
| 650 | 4 |
_aCIBERESPACIO - _xASPECTOS SOCIALES _99636 |
|
| 650 | 4 |
_aLIBERTAD DE INFORMACION _919949 |
|
| 650 | 2 |
_aComercio electrónico _98986 |
|
| 905 | _aLibro | ||
| 999 |
_c96230 _d96230 |
||